| 000 | 00883nam a2200241Ia 4500 | ||
|---|---|---|---|
| 003 | GCL | ||
| 008 | 140319s9999 xx 000 0 ara d | ||
| 020 | _a3818270977 | ||
| 040 |
_aGCL / _cGCL |
||
| 082 | 0 | 4 |
_aق _b306.062 _bن ث |
| 100 | 1 | _aرؤوف عباس | |
| 245 | 1 | 0 |
_aثقافة الطبقة الوسطى فى مصر العثمانية ( ق 16 م - ق18 م ) / _cرؤوف عباس |
| 700 | 1 | _aنللى حنا | |
| 260 |
_aالقاهرة : _bالدار المصرية اللبنانية ، _c2003 |
||
| 300 |
_a276 ص ؛ _c24 سم |
||
| 650 | 0 | 4 | _aالثقافة العربية |
| 650 | 0 | 4 | _aالطبقات الاجتماعية |
| 650 | 0 | 4 | _aالمثقفون |
| 650 | 0 | 4 | _aمصر - الثقافة |
| 650 | 0 | 4 | _aالتعليم - اغراضه واهدافه - مصر |
| 650 | 0 | 4 | _aمصر - تاريخ - العصر العثمانى ( 1517-1914 م ) |
| 942 |
_2ddc _cBK |
||
| 999 |
_c57137 _d57137 |
||